000 00577nam a2200181 4500
001 117559
003 ES-MaACL
007 t|
008 070214s1985 sp r ||||1| spa d
100 1 _aPantaleón, Fernando.
_988819
245 1 0 _aResponsabilidad civil
_b: conflictos de jurisdicción /
_cA. Fernando Pantaleón.
260 _aMadrid :
_bTecnos,
_c1985.
300 _a251 p. ;
_c18 cm.
490 1 _aCiencias jurídicas. Derecho civil
830 0 0 _aCiencias jurídicas (Tecnos)
_9233358
852 _aES-MaACL
_jL-8219
_bR.109034
999 _c117559
_d117559